| 000 | 00495nam a2200193Ia 4500 | ||
|---|---|---|---|
| 001 | 23727 | ||
| 003 | GE_BSU | ||
| 008 | 181216s||||||||xx |||||||||||||| ||und|| | ||
| 040 | _cGE_BSU | ||
| 245 | _aГенетика.№8. 2018 | ||
| 245 | _cГл. ред. Бозиев Р.С. | ||
| 260 | _aмосква | ||
| 260 | _c2018г | ||
| 300 | _a128 стр. 24 см. | ||
| 653 | _aГенетика. №8. 2018 | ||
| 653 | _aПериодика | ||
| 653 | _aპერიოდიკა | ||
| 942 | _cCR | ||
| 999 |
_c56611 _d56611 |
||